<?xml version="1.0" encoding="UTF-8"?>
<record
    xmlns:xsi="http://www.w3.org/2001/XMLSchema-instance"
    xsi:schemaLocation="http://www.loc.gov/MARC21/slim http://www.loc.gov/standards/marcxml/schema/MARC21slim.xsd"
    xmlns="http://www.loc.gov/MARC21/slim">

  <leader>01433    a2200217   4500</leader>
  <controlfield tag="003">Nust</controlfield>
  <controlfield tag="005">20220812123933.0</controlfield>
  <datafield tag="010" ind1=" " ind2=" ">
    <subfield code="a">   86124401</subfield>
  </datafield>
  <datafield tag="020" ind1=" " ind2=" ">
    <subfield code="a">0863410480</subfield>
  </datafield>
  <datafield tag="040" ind1=" " ind2=" ">
    <subfield code="c">Nust</subfield>
  </datafield>
  <datafield tag="082" ind1=" " ind2=" ">
    <subfield code="a">621.3813,MIC</subfield>
  </datafield>
  <datafield tag="245" ind1="0" ind2="0">
    <subfield code="a">Microwave measurement /</subfield>
    <subfield code="c">edited by A.E. Bailey.</subfield>
  </datafield>
  <datafield tag="260" ind1=" " ind2=" ">
    <subfield code="a">London, UK :</subfield>
    <subfield code="b">P. Peregrinus on behalf of the Institution of Electrical Engineers,</subfield>
    <subfield code="c">c1985.</subfield>
  </datafield>
  <datafield tag="300" ind1=" " ind2=" ">
    <subfield code="a">xi, 460 p. :</subfield>
    <subfield code="b">ill. ;</subfield>
    <subfield code="c">24 cm.</subfield>
  </datafield>
  <datafield tag="440" ind1=" " ind2="0">
    <subfield code="a">IEE electrical measurement series ;</subfield>
    <subfield code="v">3</subfield>
    <subfield code="9">97004</subfield>
  </datafield>
  <datafield tag="505" ind1=" " ind2=" ">
    <subfield code="a">Transmission Lines (Page-1), Scattering Coefficients (Page-17), Circuits analysis (Page-48), Modern Lines (Page-60), Reflection and Matching (Page-71), Detector and Detection for measurement (Page-91), Power Measurement (Page-102), Attenuation Measurement (Page-129), Microwave Network analysis  (Page-170), Noise Measurement (Page-195), Sampling Principle (Page-223), Sampling System (Page-239),Spectrum Analysis (Page-264), Swept and Stepped Frequency (Page-284), Analog system (Page-300), Digital System  (Page-324), Measurement on Active device (Page-362), Antenna Measurement (Page-375), Power Flux Density Measurement (Page-388), Automation in microwave (Page-402), Uncertainty and Confidence in measurement (Page-418), Who Makes Measurement And Why?  (Page-418),</subfield>
  </datafield>
  <datafield tag="650" ind1=" " ind2="0">
    <subfield code="a">Telecommunication Engineering.</subfield>
  </datafield>
  <datafield tag="700" ind1="1" ind2=" ">
    <subfield code="a">Bailey, A. E.</subfield>
    <subfield code="9">97005</subfield>
  </datafield>
  <datafield tag="710" ind1="2" ind2=" ">
    <subfield code="a">Institution of Electrical Engineers.</subfield>
  </datafield>
  <datafield tag="942" ind1=" " ind2=" ">
    <subfield code="c">REF</subfield>
    <subfield code="2">ddc</subfield>
  </datafield>
  <datafield tag="999" ind1=" " ind2=" ">
    <subfield code="c">175589</subfield>
    <subfield code="d">175589</subfield>
  </datafield>
  <datafield tag="952" ind1=" " ind2=" ">
    <subfield code="0">0</subfield>
    <subfield code="1">0</subfield>
    <subfield code="2">ddc</subfield>
    <subfield code="4">0</subfield>
    <subfield code="7">0</subfield>
    <subfield code="a">MCS</subfield>
    <subfield code="b">MCS</subfield>
    <subfield code="c">REF</subfield>
    <subfield code="d">2016-12-12</subfield>
    <subfield code="o">621.3813,MIC</subfield>
    <subfield code="p">MCS584</subfield>
    <subfield code="r">2016-12-08</subfield>
    <subfield code="w">2016-12-12</subfield>
    <subfield code="y">REF</subfield>
    <subfield code="z">Almirah No.21, Shelf No.3</subfield>
  </datafield>
</record>
